[Event "Bamberg op-B 5th"]
[Site "Bamberg"]
[Date "2023.07.29"]
[Round "6"]
[White "Lasschuit, Rene"]
[Black "Delikatnyi, Denys"]
[Result "0-1"]
[WhiteElo "1612"]
[BlackElo "1614"]
[PlyCount "60"]
[EventDate "2023.07.26"]
[EventType "swiss"]
[EventRounds "7"]
[EventCountry "GER"]
[SourceTitle "CBM 215 Extra"]
[Source "ChessBase"]
[SourceDate "2023.09.30"]
[SourceVersion "1"]
[SourceVersionDate "2023.09.30"]
[SourceQuality "1"]

1. e4 c5 2. Nf3 Nc6 3. c3 d5 4. exd5 Qxd5 5. d4 Bg4 6. Be2 e6 7. h3 Bf5 8. 0-0 Nf6 9. Be3 cxd4 10. Nxd4 Be7 11. Nxc6 Qxc6 12. Qb3 a6 13. Bf3 Be4 14. Nd2 Bxf3 15. Nxf3 0-0 16. Rfd1 Rfd8 17. Rd4 b5 18. a4 Rdb8 19. Bf4 bxa4 20. Qxb8+ Rxb8 21. Bxb8 a3 22. bxa3 Qxc3 23. Rad1 Nd5 24. R4d3 Qc4 25. Be5 f6 26. Bd4 Qb5 27. Ne1 Nf4 28. Rf3 Ne2+ 29. Kh1 Nxd4 30. Rxd4 Qf1+ 0-1

[Event "Bremen Silvester op"]
[Site "Bremen"]
[Date "2021.12.28"]
[Round "4"]
[White "Zanner, Marcel"]
[Black "Lasschuit, Rene"]
[Result "0-1"]
[WhiteElo "1376"]
[BlackElo "1678"]
[PlyCount "100"]
[EventDate "2021.12.21"]
[EventType "swiss"]
[EventRounds "7"]
[EventCountry "GER"]
[SourceTitle "CBM 205 Extra"]
[Source "ChessBase"]
[SourceDate "2022.01.31"]
[SourceVersion "1"]
[SourceVersionDate "2022.01.31"]
[SourceQuality "1"]

1. d4 d5 2. c4 dxc4 3. Nc3 c5 4. d5 Nf6 5. e4 b5 6. Nxb5 Qa5+ 7. Nc3 Nxe4 8. Bd2 Nxd2 9. Qxd2 Ba6 10. Nf3 Nd7 11. Be2 Rd8 12. 0-0 g6 13. Rfe1 Bg7 14. Qc2 0-0 15. Ne4 Nb6 16. Rac1 Rxd5 17. b3 cxb3 18. Qxb3 c4 19. Qe3 Rc8 20. Neg5 Rd7 21. Red1 Rdc7 22. Nxf7 Kxf7 23. Ng5+ Ke8 24. Bg4 Qe5 25. Ne4 Nd5 26. Rxd5 Qxd5 27. Bf3 Qe5 28. Qa3 Bb7 29. Re1 Bxe4 30. Bxe4 c3 31. Bxg6+ hxg6 32. Rxe5 Bxe5 33. Qa4+ Rd7 34. Qc2 Rd6 35. h4 Bg7 36. g4 Rb8 37. Qa4+ Rd7 38. Qc2 Rb6 39. Kg2 Kf8 40. h5 gxh5 41. Qf5+ Ke8 42. Qxh5+ Kd8 43. Qh7 Bf6 44. Qe4 Rb8 45. Qa4 Rc7 46. Qd1+ Kc8 47. Qd5 c2 48. Qg8+ Kb7 49. Qd5+ Rc6 50. Qd7+ Kb6 0-1

[Event "Bremen Silvester op"]
[Site "Bremen"]
[Date "2021.12.27"]
[Round "2"]
[White "Knappe, Stefan"]
[Black "Lasschuit, Rene"]
[Result "1-0"]
[WhiteElo "1884"]
[BlackElo "1678"]
[PlyCount "59"]
[EventDate "2021.12.21"]
[EventType "swiss"]
[EventRounds "7"]
[EventCountry "GER"]
[SourceTitle "CBM 205 Extra"]
[Source "ChessBase"]
[SourceDate "2022.01.31"]
[SourceVersion "1"]
[SourceVersionDate "2022.01.31"]
[SourceQuality "1"]

1. d4 d5 2. Nf3 Nf6 3. Nc3 g6 4. Bf4 c6 5. e3 Bg7 6. Bd3 0-0 7. Qd2 Nbd7 8. 0-0 Nh5 9. Be5 f6 10. Bg3 Nxg3 11. fxg3 e5 12. e4 exd4 13. Nxd4 Nc5 14. Rad1 Nxe4 15. Nxe4 dxe4 16. Bc4+ Kh8 17. Kh1 f5 18. Qe3 Re8 19. Ne6 Qb6 20. Qxb6 axb6 21. Nc7 b5 22. Bb3 e3 23. Rfe1 e2 24. Rd3 f4 25. Nxe8 Bg4 26. Nd6 fxg3 27. Nf7+ Kg8 28. Ne5+ Kh8 29. Nxg4 Rf8 30. Rf3 1-0

[Event "Heusenstamm Sparkassen op-B 7th"]
[Site "Heusenstamm"]
[Date "2021.11.21"]
[Round "6.5"]
[White "Schwab, Tizian"]
[Black "Lasschuit, Rene"]
[Result "1-0"]
[WhiteElo "1634"]
[BlackElo "1665"]
[PlyCount "49"]
[EventDate "2021.11.18"]
[EventType "swiss"]
[EventRounds "7"]
[EventCountry "GER"]
[SourceTitle "EXT 2023"]
[Source "ChessBase"]
[SourceDate "2022.10.05"]
[SourceVersion "1"]
[SourceVersionDate "2022.10.05"]
[SourceQuality "1"]

1. e4 c5 2. Nf3 g6 3. c3 Bg7 4. d4 cxd4 5. cxd4 d5 6. e5 Nh6 7. Nc3 0-0 8. Be3 Nc6 9. Bb5 Na5 10. b3 a6 11. Be2 Nc6 12. h3 Nf5 13. Bf4 Be6 14. Qd2 Rc8 15. g4 Nfxd4 16. Nxd4 Nxe5 17. Nxe6 fxe6 18. Rc1 Qa5 19. 0-0 Nf3+ 20. Bxf3 Bxc3 21. Qe3 Rc6 22. Rfd1 Qxa2 23. Rxc3 Rxc3 24. Qxe6+ Kg7 25. Qxe7+ 1-0

[Event "Heusenstamm Sparkassen op-B 7th"]
[Site "Heusenstamm"]
[Date "2021.11.20"]
[Round "4.1"]
[White "Ngo, Quang Thai"]
[Black "Lasschuit, Rene"]
[Result "1-0"]
[WhiteElo "1779"]
[BlackElo "1665"]
[PlyCount "59"]
[EventDate "2021.11.18"]
[EventType "swiss"]
[EventRounds "7"]
[EventCountry "GER"]
[SourceTitle "EXT 2023"]
[Source "ChessBase"]
[SourceDate "2022.10.05"]
[SourceVersion "1"]
[SourceVersionDate "2022.10.05"]
[SourceQuality "1"]

1. e4 c5 2. Nf3 g6 3. d4 cxd4 4. Qxd4 Nf6 5. Nc3 Nc6 6. Qa4 d6 7. e5 Ng4 8. exd6 Qxd6 9. Bb5 Bg7 10. Ne4 Qc7 11. Bf4 e5 12. Bg3 0-0 13. 0-0 Bf5 14. Rfe1 Rad8 15. h3 Nh6 16. Bxc6 bxc6 17. Nxe5 Qb7 18. Nc4 Qb5 19. Qb3 Be6 20. Ned6 Qxb3 21. axb3 Rd7 22. Ra6 Nf5 23. c3 Nxd6 24. Nxd6 Bxb3 25. Rxc6 a5 26. Ne4 a4 27. Bd6 Ra8 28. Nc5 Rad8 29. Nxd7 Rxd7 30. Re8+ 1-0

[Event "Pfalz op-B 11th"]
[Site "Neustadt an der Weinstrasse"]
[Date "2020.02.22"]
[Round "3"]
[White "Lasschuit, Rene"]
[Black "Schruefer, Johann"]
[Result "1-0"]
[WhiteElo "1756"]
[BlackElo "1566"]
[PlyCount "141"]
[EventDate "2020.02.21"]
[EventType "swiss"]
[EventRounds "7"]
[EventCountry "GER"]
[SourceTitle "CBM 195 Extra"]
[Source "ChessBase"]
[SourceDate "2020.05.31"]
[SourceVersion "1"]
[SourceVersionDate "2020.05.31"]
[SourceQuality "1"]

1. c4 e6 2. g3 f5 3. Bg2 c6 4. d4 Nf6 5. Nf3 d5 6. Bf4 Be7 7. 0-0 0-0 8. Nc3 Ne4 9. Ne5 Nd7 10. Re1 Bg5 11. Nd3 Bf6 12. Ne5 Nxe5 13. Bxe5 Bxe5 14. dxe5 Qc7 15. Nxe4 fxe4 16. Qd4 c5 17. Qe3 Qxe5 18. Qxc5 Bd7 19. cxd5 b6 20. Qb4 exd5 21. Red1 Be6 22. Qd4 Qxd4 23. Rxd4 Rac8 24. Rd2 Rc7 25. Rad1 Rd8 26. Bxe4 Rcd7 27. Bc2 d4 28. a3 Bc4 29. b3 Bxe2 30. Bxh7+ Kxh7 31. Rxe2 d3 32. Re3 d2 33. Kf1 Rd3 34. Ke2 R3d6 35. h3 a5 36. h4 Kg6 37. f3 Kf7 38. g4 Rd5 39. Re4 Rd3 40. Re3 R3d4 41. Rc3 Re8+ 42. Kf2 Rd6 43. Rc7+ Kf8 44. Rc3 Re7 45. Re3 Red7 46. h5 Kf7 47. Ke2 Rd5 48. b4 axb4 49. axb4 Rd4 50. b5 R4d5 51. Rc3 Re5+ 52. Re3 Red5 53. Re4 Rxb5 54. Rxd2 Rxd2+ 55. Kxd2 Rc5 56. Kd3 b5 57. f4 Kf6 58. Rb4 Ke6 59. Ke4 Kd6 60. f5 Re5+ 61. Kf4 Rc5 62. Kg5 Ke7 63. Re4+ Kf7 64. Re6 Rd5 65. Rb6 Ke7 66. Rb7+ Kf8 67. h6 gxh6+ 68. Kxh6 Rd6+ 69. Kg5 Rd5 70. Kf6 Ke8 71. Kg7 1-0

[Event "Heusenstamm Sparkassen op-B 6th"]
[Site "Heusenstamm"]
[Date "2019.11.23"]
[Round "5"]
[White "Lasschuit, Rene"]
[Black "Suliga, Eckhard"]
[Result "1/2-1/2"]
[WhiteElo "1761"]
[BlackElo "1656"]
[PlyCount "58"]
[EventDate "2019.11.21"]
[EventType "swiss"]
[EventRounds "7"]
[EventCountry "GER"]
[SourceTitle "CBM 194 Extra"]
[Source "ChessBase"]
[SourceDate "2020.03.31"]
[SourceVersion "1"]
[SourceVersionDate "2020.03.31"]
[SourceQuality "1"]

1. g3 e5 2. c4 Nf6 3. Bg2 d5 4. cxd5 Nxd5 5. Nc3 Nb6 6. Nf3 Nc6 7. 0-0 Be7 8. d3 0-0 9. Be3 Bg4 10. h3 Be6 11. Rc1 Qd7 12. Kh2 Nd5 13. Bd2 Rfd8 14. a3 a5 15. Ne4 f6 16. Nc5 Bxc5 17. Rxc5 Nde7 18. Be1 b6 19. Rc1 Rac8 20. Qa4 Nd4 21. Qxd7 Rxd7 22. Nxd4 exd4 23. Bd2 Nd5 24. Rc6 Kf7 25. Ra1 Ne7 26. Rcc1 a4 27. g4 c5 28. Bf4 Bb3 29. Kg1 Nd5 1/2-1/2

[Event "Heusenstamm Sparkassen op-B 5th"]
[Site "Heusenstamm"]
[Date "2018.11.24"]
[Round "4"]
[White "Lasschuit, Rene"]
[Black "Schwegler, Jelena"]
[Result "1-0"]
[WhiteElo "1738"]
[BlackElo "1496"]
[PlyCount "93"]
[EventDate "2018.11.22"]
[EventType "swiss"]
[EventRounds "7"]
[EventCountry "GER"]
[SourceTitle "CBM 187 Extra"]
[Source "ChessBase"]
[SourceDate "2018.11.04"]
[SourceVersion "1"]
[SourceVersionDate "2018.11.04"]
[SourceQuality "1"]

1. d4 Nf6 2. Nf3 g6 3. c4 Bg7 4. Nc3 0-0 5. e4 d6 6. h3 Nbd7 7. e5 Ne8 8. exd6 cxd6 9. Be3 Nc7 10. Be2 e5 11. 0-0 f5 12. Bg5 Qe8 13. Qd2 Nf6 14. Rfe1 Ne4 15. Nxe4 fxe4 16. Nh2 Qf7 17. Be3 exd4 18. Bxd4 Bd7 19. Rac1 Ne6 20. Be3 Bc6 21. f3 exf3 22. Bxf3 Bxf3 23. Nxf3 Nf4 24. Rf1 Nh5 25. b3 Ng3 26. Rfe1 Nf5 27. Bf2 Qc7 28. Rcd1 a6 29. Nd4 Nxd4 30. Bxd4 Bxd4+ 31. Qxd4 Qc5 32. Qxc5 dxc5 33. Rd7 b5 34. Ree7 Rfd8 35. Rxh7 Rxd7 36. Rxd7 Rb8 37. Rd6 Kg7 38. cxb5 axb5 39. Rc6 c4 40. bxc4 bxc4 41. Rxc4 Rb1+ 42. Kh2 Ra1 43. Ra4 Kf6 44. Kg3 Kg5 45. Ra5+ Kf6 46. Kg4 Rg1 47. g3 1-0

[Event "Hamburg CC Easter op 4th"]
[Site "Hamburg"]
[Date "2018.03.31"]
[Round "4"]
[White "Mi, Gufeng"]
[Black "Lasschuit, Rene"]
[Result "0-1"]
[WhiteElo "1464"]
[BlackElo "1705"]
[PlyCount "83"]
[EventDate "2018.03.30"]
[EventType "swiss"]
[EventRounds "7"]
[EventCountry "GER"]
[SourceTitle "CBM 183 Extra"]
[Source "ChessBase"]
[SourceDate "2018.04.19"]
[SourceVersion "1"]
[SourceVersionDate "2018.04.19"]
[SourceQuality "1"]

1. Nf3 Nf6 2. g3 c5 3. Bg2 Nc6 4. 0-0 d5 5. d3 e5 6. Re1 Be7 7. b3 0-0 8. Bb2 Qc7 9. h3 Rd8 10. Nbd2 Rb8 11. a3 b5 12. Rb1 a5 13. c4 d4 14. cxb5 Rxb5 15. Nc4 Be6 16. Qd2 Rdb8 17. Bc1 Rxb3 18. Rxb3 Rxb3 19. Qc2 Rb8 20. Ng5 Bd5 21. f4 Bxg2 22. Kxg2 Nd5 23. Rf1 exf4 24. gxf4 Re8 25. Ne4 f5 26. Ng3 g6 27. Kh2 Bf6 28. Qd2 Ne3 29. Nxe3 dxe3 30. Qa2+ Kg7 31. Qc4 Bd4 32. Qd5 Ne7 33. Qg2 Qd7 34. Rf3 Nd5 35. h4 Kf6 36. h5 Qc7 37. Qf1 Kg7 38. Kg2 Nf6 39. hxg6 hxg6 40. Kg1 Ng4 41. Qd1 Nf2 42. Kg2 0-1

[Event "Hamburg CC Easter op 4th"]
[Site "Hamburg"]
[Date "2018.03.30"]
[Round "1"]
[White "Kuberczyk, Christoph"]
[Black "Lasschuit, Rene"]
[Result "1-0"]
[WhiteElo "2223"]
[BlackElo "1705"]
[PlyCount "55"]
[EventDate "2018.03.30"]
[EventType "swiss"]
[EventRounds "7"]
[EventCountry "GER"]
[SourceTitle "CBM 183 Extra"]
[Source "ChessBase"]
[SourceDate "2018.04.19"]
[SourceVersion "1"]
[SourceVersionDate "2018.04.19"]
[SourceQuality "1"]

1. d4 d5 2. c4 dxc4 3. Nf3 Nf6 4. e3 Be6 5. Nc3 c6 6. Ng5 Bd5 7. e4 h6 8. exd5 hxg5 9. dxc6 Nxc6 10. d5 Ne5 11. Bxg5 Qb6 12. Be3 Qxb2 13. Bd4 Ned7 14. Rb1 Qa3 15. Nb5 Qa5+ 16. Bc3 Qb6 17. Bd4 Qa5+ 18. Bc3 Qb6 19. Qa4 Nxd5 20. Bxc4 Nxc3 21. Nxc3 Qc6 22. 0-0 Qxa4 23. Nxa4 b6 24. Rfd1 e6 25. Rbc1 Be7 26. Bb5 Rd8 27. Rc7 Rh4 28. Rxa7 1-0

[Event "Blankenese op 1st"]
[Site "Hamburg"]
[Date "2017.10.03"]
[Round "4.28"]
[White "Lasschuit, Rene"]
[Black "Keuchen, Michael"]
[Result "0-1"]
[WhiteElo "1704"]
[BlackElo "2046"]
[PlyCount "52"]
[EventDate "2017.09.30"]
[EventType "swiss"]
[EventRounds "7"]
[EventCountry "GER"]
[SourceTitle "EXT 2020"]
[Source "ChessBase"]
[SourceDate "2019.10.17"]
[SourceVersion "1"]
[SourceVersionDate "2019.10.17"]
[SourceQuality "1"]

1. c4 e6 2. d4 f5 3. Nc3 Nf6 4. g3 d5 5. cxd5 exd5 6. Bg2 c6 7. Bf4 Bd6 8. Bxd6 Qxd6 9. Nf3 Nbd7 10. 0-0 0-0 11. Qd2 Ne4 12. Qf4 Qb4 13. Qc1 Qe7 14. Re1 Qf6 15. e3 g5 16. h4 h6 17. Ne2 Kg7 18. hxg5 hxg5 19. Nd2 Qd6 20. Nf1 Qh6 21. f3 Nd6 22. Kf2 Nf6 23. Nd2 Nde4+ 24. fxe4 Ng4+ 25. Kf1 fxe4+ 26. Nf3 exf3 0-1

[Event "Harburg-chD 12th"]
[Site "Hamburg"]
[Date "2017.08.05"]
[Round "2"]
[White "Geisler, Reinhard"]
[Black "Lasschuit, Rene"]
[Result "1/2-1/2"]
[WhiteElo "1835"]
[BlackElo "1771"]
[PlyCount "62"]
[EventDate "2017.08.06"]
[EventType "tourn"]
[EventRounds "5"]
[EventCountry "GER"]
[SourceTitle "CBM 180 Extra"]
[Source "ChessBase"]
[SourceDate "2017.10.06"]
[SourceVersion "1"]
[SourceVersionDate "2017.10.06"]
[SourceQuality "1"]

1. Nf3 c5 2. g3 g6 3. Bg2 Bg7 4. 0-0 Nc6 5. c4 e6 6. e3 Nge7 7. Nc3 0-0 8. a3 d5 9. cxd5 exd5 10. d4 c4 11. Ne5 Nxe5 12. dxe5 Be6 13. f4 Qb6 14. Kh1 Rfd8 15. Qe2 f6 16. exf6 Bxf6 17. Rd1 Rd7 18. Bf3 Rad8 19. g4 Bf7 20. a4 Nc6 21. g5 Bg7 22. Qg2 Nb4 23. a5 Qa6 24. Na4 Qc6 25. Bd2 Qb5 26. Bc3 d4 27. Bxd4 Bxd4 28. Rxd4 Rxd4 29. exd4 Rxd4 30. Nc3 Qf5 31. Ne4 Nd3 1/2-1/2

[Event "Hannover Ihme Cup"]
[Site "Hannover"]
[Date "2017.04.28"]
[Round "1.7"]
[White "Lasschuit, Rene"]
[Black "Schulz, Jens"]
[Result "0-1"]
[WhiteElo "1746"]
[BlackElo "2192"]
[PlyCount "77"]
[EventDate "2017.04.28"]
[EventType "swiss"]
[EventRounds "5"]
[EventCountry "GER"]
[SourceTitle "EXT 2022"]
[Source "ChessBase"]
[SourceDate "2021.10.06"]
[SourceVersion "1"]
[SourceVersionDate "2021.10.06"]
[SourceQuality "1"]

1. d4 Nf6 2. g3 e6 3. Bg2 d5 4. Nf3 Be7 5. 0-0 0-0 6. c4 dxc4 7. Na3 Bxa3 8. bxa3 Nbd7 9. Qc2 Nb6 10. Rd1 Bd7 11. Qc3 Ba4 12. Re1 Bc6 13. Bg5 h6 14. Bxf6 Qxf6 15. e4 Rfd8 16. Ne5 Bb5 17. Red1 Rac8 18. Bh3 c5 19. d5 Na4 20. Qa5 Qxe5 21. dxe6 Rxd1+ 22. Rxd1 fxe6 23. Qxb5 Nb6 24. Qa5 c3 25. Rc1 Rd8 26. Qxc3 Rd1+ 27. Bf1 Qxc3 28. Rxc3 Nd7 29. Kg2 Kf7 30. Bb5 b6 31. Rc2 Ke7 32. a4 Rd4 33. f3 Nb8 34. Kf2 Rb4 35. Ke3 a6 36. Be2 Rxa4 37. f4 Nc6 38. Bf3 Ra3+ 39. Kd2 0-1

[Event "Rostock SSC op 14th"]
[Site "Rostock"]
[Date "2015.08.01"]
[Round "6.22"]
[White "Lasschuit, Rene"]
[Black "Langer, Robert"]
[Result "1/2-1/2"]
[WhiteElo "1740"]
[BlackElo "1232"]
[PlyCount "114"]
[EventDate "2015.07.29"]
[EventType "swiss"]
[EventRounds "7"]
[EventCountry "GER"]
[SourceTitle "EXT 2019"]
[Source "ChessBase"]
[SourceDate "2018.10.10"]
[SourceVersion "1"]
[SourceVersionDate "2018.10.10"]
[SourceQuality "1"]

1. d4 Nf6 2. Nf3 g6 3. Nc3 Bg7 4. e4 d6 5. Bf4 Nbd7 6. Qd2 0-0 7. 0-0-0 c5 8. Bh6 Qa5 9. Bxg7 Kxg7 10. Kb1 a6 11. e5 dxe5 12. dxe5 Ng4 13. e6 fxe6 14. h3 Nge5 15. Nxe5 Nxe5 16. Qg5 Nc6 17. Bd3 Rxf2 18. Rhf1 Rxf1 19. Rxf1 c4 20. Qf4 Bd7 21. Qf7+ Kh8 22. Bxc4 Qe5 23. a3 Qg7 24. Bxe6 Qxf7 25. Bxf7 Rf8 26. Bc4 Rxf1+ 27. Bxf1 Kg7 28. Kc1 Bf5 29. g4 Bd7 30. Bg2 Kf7 31. Nd5 e5 32. Nb6 Be8 33. Kd2 Ke6 34. Kd3 g5 35. Be4 h6 36. Bf5+ Kd6 37. Ke4 Nd4 38. Nc4+ Kc5 39. Nxe5 Nxc2 40. Kd3 Ne1+ 41. Ke4 Ng2 42. Bc8 Kb6 43. Bd7 Bxd7 44. Nxd7+ Kb5 45. Kf3 Nf4 46. h4 Nd5 47. hxg5 hxg5 48. Ke4 Kc6 49. Ne5+ Kd6 50. Nf7+ Ke6 51. Nxg5+ Kf6 52. Nf3 Ne7 53. Kd4 Ke6 54. Kc5 Kd7 55. Kb6 Kc8 56. Ne5 Nd5+ 57. Kc5 Nf6 1/2-1/2

[Event "Oberhausen op"]
[Site "Oberhausen"]
[Date "2013.03.28"]
[Round "1"]
[White "Lasschuit, Rene"]
[Black "Coenen, Michael"]
[Result "0-1"]
[WhiteElo "1857"]
[BlackElo "2308"]
[PlyCount "60"]
[EventDate "2013.03.28"]
[EventType "swiss"]
[EventRounds "7"]
[EventCountry "GER"]
[SourceTitle "CBM 153 Extra"]
[Source "ChessBase"]
[SourceDate "2013.04.22"]
[SourceVersion "1"]
[SourceVersionDate "2013.04.22"]
[SourceQuality "1"]

1. d4 Nf6 2. Nf3 b6 3. Bf4 Ba6 4. g3 e6 5. Bg2 d5 6. 0-0 Be7 7. Re1 0-0 8. Ne5 Nfd7 9. e4 Nxe5 10. dxe5 d4 11. Qg4 Kh8 12. h4 c5 13. Nd2 Nc6 14. a3 Qd7 15. Nf3 Rad8 16. Qh5 d3 17. cxd3 Qc7 18. Ng5 Bxg5 19. Bxg5 Qxe5 20. Qd1 f6 21. Bc1 Bxd3 22. Qa4 Nd4 23. Bf4 Qh5 24. Qxa7 e5 25. Be3 Nf3+ 26. Kh1 Qg4 27. Qxb6 Bxe4 28. Red1 Rxd1+ 29. Rxd1 Nxh4 30. Rd8 Qh3+ 0-1